Neeruravukallku oru geetham/ (Record no. 181547)

000 -LEADER
fixed length control field 00419nam a2200169 4500
020 ## - INTERNATIONAL STANDARD BOOK NUMBER
ISBN 9789360661755
082 ## - DEWEY DECIMAL CLASSIFICATION NUMBER
Classification number M301
Item number GNP/N
100 ## - MAIN ENTRY--AUTHOR NAME
Personal name G N Panikkar
245 ## - TITLE STATEMENT
Title Neeruravukallku oru geetham/
Statement of responsibility, etc by G N Panikkar
250 ## - EDITION STATEMENT
Edition statement 3
260 ## - PUBLICATION, DISTRIBUTION, ETC. (IMPRINT)
Place of publication Thiruvananthapuram:
Name of publisher Prabhatham,
Year of publication 2025.
300 ## - PHYSICAL DESCRIPTION
Number of Pages 112p.
650 ## - SUBJECT ADDED ENTRY--TOPICAL TERM
Topical Term Stories Malayalam
650 ## - SUBJECT ADDED ENTRY--TOPICAL TERM
Topical Term Literature Malayalam
650 ## - SUBJECT ADDED ENTRY--TOPICAL TERM
Topical Term Literature
942 ## - ADDED ENTRY ELEMENTS (KOHA)
Koha item type Book
Holdings
Withdrawn status Lost status Damaged status Not for loan Permanent Location Current Location Shelving location Date acquired Cost, normal purchase price Full call number Accession Number Price effective from Koha item type
        Sree Sankaracharya University of Sanskrit Sree Sankaracharya University of Sanskrit Stacks 16.05.2026 200.00 M301 GNP/N 108557 16.05.2026 Book